Statistics for How many years can you type in 5 mins (1900 - 2020)

Click here to take the quiz!

General Stats

  • This quiz has been taken 43 times
  • The average score is 90 of 121

Answer Stats

Years% Correct
1900
89%
1901
87%
1905
84%
1902
82%
1903
82%
1906
82%
1904
79%
1907
79%
1908
79%
1912
79%
1944
79%
1999
79%
2008
79%
2015
79%
2016
79%
2017
79%
2018
79%
1909
76%
1910
76%
1911
76%
1941
76%
1943
76%
1946
76%
1948
76%
1949
76%
1950
76%
1951
76%
1953
76%
1955
76%
1956
76%
1958
76%
1960
76%
1964
76%
1996
76%
2005
76%
2007
76%
2009
76%
2012
76%
2013
76%
2014
76%
2019
76%
2020
76%
1913
74%
1922
74%
1924
74%
1927
74%
1936
74%
1938
74%
1939
74%
1940
74%
1942
74%
1945
74%
1947
74%
1952
74%
1954
74%
1957
74%
1959
74%
1961
74%
1962
74%
1963
74%
1965
74%
1966
74%
1971
74%
1972
74%
1973
74%
1977
74%
1978
74%
1982
74%
1983
74%
1984
74%
1987
74%
1988
74%
1990
74%
1991
74%
1992
74%
1993
74%
1994
74%
1997
74%
1998
74%
2000
74%
2002
74%
2010
74%
2011
74%
1914
71%
1915
71%
1916
71%
1917
71%
1919
71%
1920
71%
1921
71%
1923
71%
1929
71%
1931
71%
1934
71%
1935
71%
1937
71%
1967
71%
1969
71%
1970
71%
1975
71%
1979
71%
1980
71%
1981
71%
1985
71%
1986
71%
1995
71%
2001
71%
2004
71%
2006
71%
1918
68%
1925
68%
1926
68%
1932
68%
1933
68%
1968
68%
1974
68%
1976
68%
1989
68%
2003
68%
1928
66%
1930
66%

Score Distribution

Percentile by Number Answered

Percent of People with Each Score

Your Score History

You have not taken this quiz